000 02198nam a2200373 4500
001 64
003 OSt
005 20250528074010.0
008 250123b |||||||j |||| 00| 1 eng d
040 _bpor
041 _heng
_apor
082 _a813
_bB811b
100 1 _aBradley, Marion Zimmer,
_d1930-1999
_9169
240 _aThe Mists of Avalon
245 _aAs brumas de Avalon:
_bA senhora da magia /
_cBradley, Marion Zimmer ; Tradução de Waltensir Dutra
250 _a16° edição
260 _aRio de Janeiro
_bImago
_c1985
300 _a280 p.
490 1 _aAs Brumas de Avalon
_vlivro 01
500 _aA senhora da magia
520 _aGrande clássico da literatura mundial retrata a mítica história do rei Artur a partir da perspectiva de mulheres mágicas e poderosas. Por séculos, as lendas arturianas povoaram o imaginário de leitores de todo o mundo. As Brumas de Avalon é considerado por muitos a versão literária definitiva do mito e muitas gerações de mulheres se deixaram arrebatar pela escrita envolvente de Marion Zimmer Bradley. Pelos olhos de mulheres complexas e poderosas como Morgana das Fadas, Viviane, a Senhora do Lago, Igraine, Morgause e Gwenhwyfar, os reinos de Camelot e de Avalon são revisitados neste clássico, repleto de magia, sensibilidade e intrigas. Uma releitura monumental das lendas arturianas... Ler As Brumas de Avalon é uma experiência profundamente tocante, e muitas vezes fantástica. Um resultado impressionante. - THE NEW YORK TIMES BOOK REVIEW O enredo elaborado com maestria e a escrita maravilhosa de As Brumas de Avalon jogam nova luz a antigos personagens, em especial Morgana das Fadas, Merlim, Lancelote e Gwenhwyfar. Um romance épico, com violência, ambição, lealdades dolorosas e feitiços assombrosos. - PUBLISHERS WEEKLY
650 0 _aLiteratura Americana
_984
650 0 _aMedieval
_9170
650 0 _aFantasia
_945
650 0 _aAventura
_947
650 0 _aMitologia
_9128
650 0 _aSeres mágicos
_946
650 0 _aFilme
_926
655 0 _aRomance
_923
655 0 _aFicção
_922
700 _aWaltensir Dutra
_eTradutor
_9171
830 _aAs Brumas de Avalon
_vLivro 01
_9172
942 _2ddc
_n0
_cBK
999 _c64
_d64